Kỹ thuật lập trình ứng dụng chuyên nghiệp Visual Basic.net; T2

Kaydedildi:
Detaylı Bibliyografya
Yazar: Phạm Hữu Khang
Materyal Türü: Kitap
Dil:Undetermined
Baskı/Yayın Bilgisi: H. LĐXH 2002
Konular:
Etiketler: Etiketle
Etiket eklenmemiş, İlk siz ekleyin!
Thư viện lưu trữ: Trung tâm Học liệu Trường Đại học Cần Thơ
LEADER 00546nam a2200181Ia 4500
001 CTU_54078
008 210402s9999 xx 000 0 und d
020 |b 79000 
082 |a 005.133 
082 |b Kh106/T2 
100 |a Phạm Hữu Khang 
245 0 |a Kỹ thuật lập trình ứng dụng chuyên nghiệp Visual Basic.net; T2 
245 0 |c Phạm Hữu Khang 
260 |a H. 
260 |b LĐXH 
260 |c 2002 
650 |a basic ( computer program language ) 
980 |a Trung tâm Học liệu Trường Đại học Cần Thơ